| Tag |
First Indicator |
Second Indicator |
Subfields |
| LEADER |
00000cam a2200000 c 4500 |
| 001 |
in00005719087 |
| 005 |
20260319182731.0 |
| 006 |
m o d |
| 007 |
cr cnu|||unuuu |
| 008 |
200730s2020 enka ob 001 0 eng d |
| 040 |
|
|
|a N$T
|b eng
|e rda
|e pn
|c N$T
|d N$T
|d EBLCP
|d YDX
|d OCLCF
|d CUV
|d STBDS
|d UKAHL
|d OCLCQ
|d SFB
|d OCLCQ
|d OCLCO
|d OCLCL
|d SXB
|d OCLCQ
|d CLOUD
|d UKKRT
|d OCLCQ
|d OCLCL
|
| 019 |
|
|
|a 1163210939
|a 1192557264
|a 1193986118
|a 1503851849
|a 1541778665
|
| 020 |
|
|
|a 9780192607058
|q electronic bk.
|
| 020 |
|
|
|a 0192607057
|q electronic bk.
|
| 020 |
|
|
|a 0191895083
|q electronic bk.
|
| 020 |
|
|
|a 9780191895081
|q electronic bk.
|
| 020 |
|
|
|z 9780198862314
|
| 020 |
|
|
|z 0198862318
|
| 035 |
|
|
|a (OCoLC)1179162124
|z (OCoLC)1163210939
|z (OCoLC)1192557264
|z (OCoLC)1193986118
|z (OCoLC)1503851849
|z (OCoLC)1541778665
|
| 050 |
|
4 |
|a QC793.5.N4628
|b B66 2020eb
|
| 082 |
0 |
4 |
|a 539.7213
|2 23
|
| 049 |
|
|
|a TXAM
|
| 100 |
1 |
|
|a Boothroyd, Andrew T.
|e author
|
| 245 |
1 |
0 |
|a Principles of neutron scattering from condensed matter
|c Andrew T. Boothroyd
|
| 250 |
|
|
|a First edition
|
| 264 |
|
1 |
|a Oxford
|a New York, NY
|b Oxford University Press
|c 2020
|
| 300 |
|
|
|a 1 online resource
|b illustrations
|
| 336 |
|
|
|a text
|b txt
|2 rdacontent
|
| 337 |
|
|
|a computer
|b c
|2 rdamedia
|
| 338 |
|
|
|a online resource
|b cr
|2 rdacarrier
|
| 588 |
0 |
|
|a Print version record
|
| 504 |
|
|
|a Includes bibliographical references and index
|
| 505 |
0 |
|
|a Intro -- Preface -- Table of Contents -- Basic Concepts -- Particles and waves -- Uncertainty in position and wavelength -- Free particle wave function -- Normalization of the wave function -- Neutron flux -- Spin and polarization -- Production of neutrons -- Reactor sources -- Spallation sources -- Compact accelerator-driven sources -- Fusion sources -- Interactions with matter -- The nuclear interaction -- The electromagnetic interaction -- Scattering kinematics -- Scattering from nuclei -- Isolated bound nucleus: the scattering length -- Scattering from systems of bound nuclei
|
| 505 |
8 |
|
|a Elastic scattering as a Fourier transform -- Cross-sections -- Scattering cross-sections -- Absorption cross-section -- Complex scattering lengths -- Mean free path and transmission -- Coherent and incoherent scattering -- Isotopic dependence of scattering length -- Nuclear spin dependence of scattering length -- Other sources of incoherence -- Tables of scattering lengths and cross-sections -- Scattering properties of hydrogen -- Cross-sections for a free atom -- Chapter summary -- Further reading -- Exercises -- Diffraction in the Static Approximation -- Crystals -- Crystal lattice -- Motif
|
| 505 |
8 |
|
|a Unit cell -- Crystal symmetry -- Atomic coordinates, directions, and planes -- The reciprocal lattice -- Reciprocal lattice units -- Diffraction from crystals -- Bragg's Law -- Laue formulation of diffraction -- Equivalence of Bragg and Laue formulations -- The structure factor -- Non-primitive unit cells -- The phase problem -- Friedel's law -- Summary: the differential cross-section -- Periodic distortion of a crystal -- Disorder in crystalline materials -- Short-range order -- The correlation length -- Two- and one-dimensional systems -- Point defects -- Thermal diffuse scattering
|
| 505 |
8 |
|
|a Liquids and disordered solids -- Spherical averaging -- Pair distribution function -- Density correlations and diffraction -- The zero-Q limit and bulk fluctuations -- Molecular systems -- The form factor -- Inter-molecular interference -- Small-angle neutron scattering -- Flexible linear polymer -- Continuous particles: the sphere -- Fractals -- The Guinier approximation -- Particles in continuous media: contrast -- Chapter summary -- Further reading -- Exercises -- Kinematical Theory of Scattering -- The partial differential cross-section -- The Born approximation -- Elastic scattering
|
| 505 |
8 |
|
|a Correlation functions -- Integral representation of the delta function -- Introduction of Heisenberg operators -- Summation over target eigenstates -- New formulation for the cross-section -- The response function and intermediate function -- Properties of correlation and response functions -- Properties of the correlation function -- Response function is real and positive -- The Principle of Detailed Balance -- Static and dynamic correlations -- The Fluctuation-Dissipation theorem -- Sum rules, limiting cases, and approximations -- Uniform static susceptibility -- Spectral-weight function
|
| 520 |
|
|
|a This textbook provides a comprehensive account of the many different ways neutrons are being used to investigate the behaviour of atoms and molecules in bulk matter. It provides a modern and pedagogical treatment of the principles behind the various neutron scattering techniques that are used at facilities around the world
|
| 650 |
|
0 |
|a Neutrons
|x Scattering.
|
| 650 |
|
6 |
|a Neutrons
|x Diffusion.
|
| 650 |
|
7 |
|a Physical & Theoretical.
|2 bisacsh
|
| 650 |
|
7 |
|a Chemistry.
|2 bisacsh
|
| 650 |
|
7 |
|a SCIENCE.
|2 bisacsh
|
| 650 |
|
7 |
|a Crystallography.
|2 bisacsh
|
| 650 |
|
7 |
|a Physics.
|2 bisacsh
|
| 650 |
|
7 |
|a Neutrons
|x Scattering
|2 fast
|
| 655 |
|
7 |
|a Electronic books.
|2 local
|
| 758 |
|
|
|i has work:
|a Principles of neutron scattering from condensed matter (Text)
|1 https://id.oclc.org/worldcat/entity/E39PCYphXK8KPdBmdbJgymxfJC
|4 https://id.oclc.org/worldcat/ontology/hasWork
|
| 776 |
0 |
8 |
|i Print version:
|a Boothroyd, Andrew T.
|t Principles of neutron scattering from condensed matter.
|b First edition.
|d Oxford ; New York, NY : Oxford University Press, 2020
|z 0198862318
|w (OCoLC)1145415960
|
| 776 |
0 |
8 |
|c Original
|z 0198862318
|z 9780198862314
|
| 856 |
4 |
0 |
|u http://proxy.library.tamu.edu/login?url=https://academic.oup.com/book/43701
|z Connect to the full text of this electronic book
|t 0
|
| 955 |
|
|
|a Oxford Scholarship Online
|
| 994 |
|
|
|a 92
|b TXA
|
| 999 |
f |
f |
|i 21820550-92e5-4e76-a9f2-9017a930a220
|s 46f0e90f-f944-42f4-ac0a-938a4fbfdf1a
|t 0
|
| 952 |
f |
f |
|a Texas A&M University
|b College Station
|c Electronic Resources
|s www_evans
|d Available Online
|t 0
|e QC793.5.N4628 B66 2020eb
|h Library of Congress classification
|
| 998 |
f |
f |
|a QC793.5.N4628 B66 2020eb
|t 0
|l Available Online
|